[Event "GER-ch Blitz 2019"]
[Site "Magdeburg"]
[Date "2019.05.25"]
[Round "9.15"]
[White "Schulz, Karsten"]
[Black "Carow, Johannes"]
[Result "1/2-1/2"]
[WhiteElo "2227"]
[BlackElo "2445"]
[Annotator "NA"]
[PlyCount "147"]
[EventDate "2019.05.25"]
[EventType "tourn"]
[EventCountry "GER"]
[Tiebreak "Number of wins+Number of black wins"]
[SourceTitle "playchess.com"]
[Source "ChessBase"]
[SourceQuality "1"]
[TimeControl "180+2"]

1. Nf3 {[%emt 0:00:00]} c5 {[%emt 0:00:00]} 2. c4 {[%emt 0:00:01]} Nc6 {
[%emt 0:00:00]} 3. Nc3 {[%emt 0:00:02]} Nd4 {[%emt 0:00:01]} 4. e3 {[%emt 0:00:
03]} Nxf3+ 5. Qxf3 {[%emt 0:00:01]} g6 {[%emt 0:00:02]} 6. g3 {[%emt 0:00:05]}
Bg7 {[%emt 0:00:06]} 7. Bg2 {[%emt 0:00:02]} Rb8 {[%emt 0:00:05]} 8. O-O {
[%emt 0:00:04]} d6 {[%emt 0:00:05]} 9. Qe2 {[%emt 0:00:07]} Nh6 {[%emt 0:00:25]
} 10. b3 {[%emt 0:00:07]} Nf5 {[%emt 0:00:04]} 11. Bb2 {[%emt 0:00:02]} a6 {
[%emt 0:00:05]} 12. d3 {[%emt 0:00:03]} b5 {[%emt 0:00:18]} 13. Nd5 {[%emt 0:
00:05]} O-O {[%emt 0:00:28]} 14. Bxg7 {[%emt 0:00:02]} Kxg7 {[%emt 0:00:02]}
15. Qd2 {[%emt 0:00:12]} Kg8 {[%emt 0:00:06]} 16. Rac1 {[%emt 0:00:05]} e6 {
[%emt 0:00:10]} 17. Nc3 {[%emt 0:00:04]} Bb7 {[%emt 0:00:02]} 18. Bxb7 {
[%emt 0:00:06]} Rxb7 {[%emt 0:00:01]} 19. Ne4 {[%emt 0:00:05]} e5 {[%emt 0:00:
06]} 20. Nc3 {[%emt 0:00:05]} Ne7 {[%emt 0:00:04]} 21. cxb5 {[%emt 0:00:15]}
axb5 {[%emt 0:00:02]} 22. d4 {[%emt 0:00:00]} cxd4 {[%emt 0:00:13]} 23. exd4 {
[%emt 0:00:02]} Nf5 {[%emt 0:00:01]} 24. dxe5 {[%emt 0:00:14]} dxe5 {[%emt 0:
00:01]} 25. Qxd8 {[%emt 0:00:03]} Rxd8 {[%emt 0:00:00]} 26. Rfd1 {[%emt 0:00:
01]} Nd4 {[%emt 0:00:06]} 27. Kf1 {[%emt 0:00:07]} Ra8 {[%emt 0:00:04]} 28. Rd2
{[%emt 0:00:13]} Rc7 {[%emt 0:00:13]} 29. Ne2 {[%emt 0:00:11]} Rxc1+ {[%emt 0:
00:07]} 30. Nxc1 {[%emt 0:00:01]} Nf3 {[%emt 0:00:01]} 31. Rd5 {[%emt 0:00:10]}
Rc8 {[%emt 0:00:09]} 32. Nd3 {[%emt 0:00:13]} e4 {[%emt 0:00:07]} 33. Nc5 {
[%emt 0:00:20]} Nxh2+ {[%emt 0:00:15]} 34. Kg2 {[%emt 0:00:07]} Ng4 {[%emt 0:
00:01]} 35. Nxe4 {[%emt 0:00:09]} Rc2 {[%emt 0:00:01]} 36. Rd2 {[%emt 0:00:01]}
Rc1 {[%emt 0:00:12]} 37. Nd6 {[%emt 0:00:11]} b4 {[%emt 0:00:07]} 38. Nc4 {
[%emt 0:00:04]} Kg7 {[%emt 0:00:06]} 39. f3 {[%emt 0:00:07]} Nh6 {[%emt 0:00:
06]} 40. g4 {[%emt 0:00:02]} Ng8 {[%emt 0:00:00]} 41. Kf2 {[%emt 0:00:08]} Nf6
{[%emt 0:00:02]} 42. Ke3 {[%emt 0:00:02]} Re1+ {[%emt 0:00:01]} 43. Kd4 {
[%emt 0:00:03]} Rf1 {[%emt 0:00:02]} 44. Ke3 {[%emt 0:00:02]} h6 {[%emt 0:00:
02]} 45. Ne5 {[%emt 0:00:07]} g5 {[%emt 0:00:08]} 46. Nd7 {[%emt 0:00:06]} Re1+
{[%emt 0:00:07]} 47. Kf2 {[%emt 0:00:04]} Ra1 {[%emt 0:00:02]} 48. Nxf6 {
[%emt 0:00:03]} Kxf6 {[%emt 0:00:01]} 49. Rd4 {[%emt 0:00:02]} Rxa2+ {[%emt 0:
00:01]} 50. Kg3 {[%emt 0:00:01]} Rb2 {[%emt 0:00:04]} 51. Rxb4 {[%emt 0:00:01]}
Kg6 {[%emt 0:00:01]} 52. Rb6+ {[%emt 0:00:01]} f6 {[%emt 0:00:00]} 53. Kh3 {
[%emt 0:00:02]} Rb1 {[%emt 0:00:02]} 54. Kg3 {[%emt 0:00:01]} Rc1 {[%emt 0:00:
00]} 55. Kh3 {[%emt 0:00:02]} Rf1 {[%emt 0:00:01]} 56. Kg2 {[%emt 0:00:00]} Rd1
{[%emt 0:00:01]} 57. Kf2 {[%emt 0:00:03]} Rd8 {[%emt 0:00:01]} 58. Rb7 {
[%emt 0:00:01]} h5 {[%emt 0:00:02]} 59. gxh5+ {[%emt 0:00:02]} Kxh5 {[%emt 0:
00:01]} 60. Kg3 {[%emt 0:00:00]} Rd3 {[%emt 0:00:01]} 61. Kf2 {[%emt 0:00:03]}
Kg6 {[%emt 0:00:01]} 62. Rb5 {[%emt 0:00:01]} Rc3 {[%emt 0:00:01]} 63. Rb6 {
[%emt 0:00:01]} Kf5 {[%emt 0:00:02]} 64. Rb5+ {[%emt 0:00:01]} Kf4 {[%emt 0:00:
03]} 65. Rb4+ {[%emt 0:00:01]} Ke5 {[%emt 0:00:01]} 66. Rb5+ {[%emt 0:00:02]}
Ke6 {[%emt 0:00:01]} 67. Rb6+ {[%emt 0:00:01]} Kf7 {[%emt 0:00:01]} 68. b4 {
[%emt 0:00:02]} f5 {[%emt 0:00:03]} 69. b5 {[%emt 0:00:04]} f4 {[%emt 0:00:02]}
70. Kg2 {[%emt 0:00:04]} Kg7 {[%emt 0:00:04]} 71. Rc6 {[%emt 0:00:04]} Rb3 {
[%emt 0:00:10]} 72. b6 {[%emt 0:00:01]} Kf7 {[%emt 0:00:03]} 73. Kf2 {[%emt 0:
00:06]} Ke7 {[%emt 0:00:02]} 74. Kg2 {[%emt 0:00:01]} 1/2-1/2

[Event "GER-ch Blitz 2019"]
[Site "Magdeburg"]
[Date "2019.05.25"]
[Round "10.1"]
[White "Braeuer, Franz"]
[Black "Gustafsson, Jan"]
[Result "0-1"]
[WhiteElo "2445"]
[BlackElo "2639"]
[Annotator "RC"]
[PlyCount "62"]
[EventDate "2019.05.25"]
[EventType "tourn"]
[EventCountry "GER"]
[Tiebreak "Number of wins+Number of black wins"]
[SourceTitle "playchess.com"]
[Source "ChessBase"]
[SourceQuality "1"]
[TimeControl "180+2"]

1. e4 {[%emt 0:00:00]} e5 {[%emt 0:00:00]} 2. Nf3 {[%emt 0:00:00]} Nc6 {
[%emt 0:00:00]} 3. d4 {[%emt 0:00:01]} exd4 {[%emt 0:00:02]} 4. Nxd4 {[%emt 0:
00:01]} Nf6 {[%emt 0:00:01]} 5. Nxc6 {[%emt 0:00:03]} bxc6 {[%emt 0:00:01]} 6.
e5 {[%emt 0:00:01]} Qe7 {[%emt 0:00:01]} 7. Qe2 {[%emt 0:00:00]} Nd5 {[%emt 0:
00:01]} 8. c4 {[%emt 0:00:01]} Ba6 {[%emt 0:00:01]} 9. Nd2 {[%emt 0:00:01]}
O-O-O {[%emt 0:00:02]} 10. g3 {[%emt 0:00:24]} f6 {[%emt 0:00:22]} 11. Bg2 {
[%emt 0:00:09]} fxe5 {[%emt 0:00:05]} 12. O-O {[%emt 0:00:09]} Nf6 {[%emt 0:00:
14]} 13. Re1 {[%emt 0:00:17]} Re8 {[%emt 0:00:04]} 14. b3 {[%emt 0:00:11]} d5 {
[%emt 0:00:06]} 15. Bb2 {[%emt 0:00:03]} e4 {[%emt 0:00:14]} 16. Qe3 {[%emt 0:
00:02]} Kb8 {[%emt 0:00:06]} 17. h3 {[%emt 0:00:44]} Ka8 {[%emt 0:00:21]} 18.
Rac1 {[%emt 0:00:01]} Qd7 {[%emt 0:00:19]} 19. Bd4 {[%emt 0:00:23]} Bb4 {
[%emt 0:00:03]} 20. a3 Bxd2 {[%emt 0:00:14]} 21. Qxd2 {[%emt 0:00:23]} dxc4 {
[%emt 0:00:06]} 22. Red1 c5 {[%emt 0:00:26]} 23. Bxf6 {[%emt 0:00:44]} Qxd2 {
[%emt 0:00:03]} 24. Rxd2 {[%emt 0:00:01]} gxf6 {[%emt 0:00:01]} 25. bxc4 {
[%emt 0:00:00]} Bb7 {[%emt 0:00:15]} 26. Rd7 Kb8 27. g4 {[%emt 0:00:08]} h5 {
[%emt 0:00:12]} 28. Rf7 {[%emt 0:00:04]} hxg4 {[%emt 0:00:03]} 29. hxg4 {
[%emt 0:00:01]} Rhg8 {[%emt 0:00:05]} 30. Rxf6 {[%emt 0:00:04]} Rxg4 {[%emt 0:
00:02]} 31. Kf1 {[%emt 0:00:03]} Reg8 {[%emt 0:00:04]} 0-1

[Event "GER-ch Blitz 2019"]
[Site "Magdeburg"]
[Date "2019.05.25"]
[Round "10.2"]
[White "Buhmann, Rainer"]
[Black "Ehmann, Thilo"]
[Result "1-0"]
[WhiteElo "2573"]
[BlackElo "2291"]
[Annotator "ChessBase"]
[PlyCount "106"]
[EventDate "2019.05.25"]
[EventType "tourn"]
[EventCountry "GER"]
[Tiebreak "Number of wins+Number of black wins"]
[SourceTitle "playchess.com"]
[Source "ChessBase"]
[SourceQuality "1"]
[TimeControl "180+2"]

1. d4 {[%emt 0:00:00]} Nf6 {[%emt 0:00:00]} 2. c4 {[%emt 0:00:00]} c5 {[%emt 0:
00:00]} 3. d5 {[%emt 0:00:01]} e6 {[%emt 0:00:00]} 4. Nc3 {[%emt 0:00:02]} exd5
{[%emt 0:00:01]} 5. cxd5 {[%emt 0:00:02]} d6 {[%emt 0:00:01]} 6. e4 {[%emt 0:
00:04]} g6 {[%emt 0:00:00]} 7. Be2 {[%emt 0:00:03]} Bg7 {[%emt 0:00:01]} 8. Be3
{[%emt 0:00:02]} O-O {[%emt 0:00:03]} 9. Nf3 {[%emt 0:00:01]} a6 {[%emt 0:00:
08]} 10. a4 {[%emt 0:00:04]} Ng4 {[%emt 0:00:09]} 11. Bg5 {[%emt 0:00:02]} Bf6
{[%emt 0:00:00]} 12. Bxf6 {[%emt 0:00:09]} Qxf6 {[%emt 0:00:02]} 13. O-O {
[%emt 0:00:09]} Ne5 {[%emt 0:00:40]} 14. Nd2 {[%emt 0:00:29]} g5 {[%emt 0:00:
05]} 15. a5 {[%emt 0:00:01]} Nbd7 {[%emt 0:00:07]} 16. Na4 {[%emt 0:00:02]} Rb8
{[%emt 0:00:05]} 17. Ra3 {[%emt 0:00:26]} b5 {[%emt 0:00:33]} 18. axb6 {
[%emt 0:00:02]} Nxb6 {[%emt 0:00:01]} 19. Nc3 {[%emt 0:00:03]} Nbd7 {[%emt 0:
00:06]} 20. Qc2 {[%emt 0:00:07]} Rb4 {[%emt 0:00:37]} 21. b3 {[%emt 0:00:34]}
h5 {[%emt 0:00:41]} 22. Bxa6 {[%emt 0:00:26]} Bxa6 {[%emt 0:00:03]} 23. Rxa6 {
[%emt 0:00:01]} h4 {[%emt 0:00:04]} 24. h3 {[%emt 0:00:13]} g4 {[%emt 0:00:04]}
25. f4 {[%emt 0:00:13]} gxf3 {[%emt 0:00:05]} 26. Nxf3 {[%emt 0:00:01]} Nxf3+ {
[%emt 0:00:01]} 27. Rxf3 {[%emt 0:00:02]} Qd4+ {[%emt 0:00:01]} 28. Kh1 {
[%emt 0:00:11]} c4 {[%emt 0:00:08]} 29. Ne2 {[%emt 0:00:09]} Qg7 {[%emt 0:00:
07]} 30. bxc4 {[%emt 0:00:07]} Rb2 {[%emt 0:00:01]} 31. Qd1 {[%emt 0:00:04]}
Ne5 32. Rb3 {[%emt 0:00:03]} Nxc4 {[%emt 0:00:02]} 33. Rxb2 {[%emt 0:00:01]}
Qxb2 {[%emt 0:00:01]} 34. Nf4 {[%emt 0:00:03]} Qg7 35. Nh5 {[%emt 0:00:02]} Qg5
{[%emt 0:00:04]} 36. Qg4 {[%emt 0:00:01]} Qxg4 {[%emt 0:00:01]} 37. hxg4 {
[%emt 0:00:02]} Re8 {[%emt 0:00:02]} 38. Nf6+ {[%emt 0:00:00]} Kf8 {[%emt 0:00:
00]} 39. Nxe8 {[%emt 0:00:01]} Kxe8 {[%emt 0:00:00]} 40. Kh2 {[%emt 0:00:02]}
Ke7 {[%emt 0:00:01]} 41. Kh3 Nd2 {[%emt 0:00:01]} 42. e5 {[%emt 0:00:03]} dxe5
{[%emt 0:00:01]} 43. Kxh4 {[%emt 0:00:02]} Ne4 {[%emt 0:00:00]} 44. g5 {
[%emt 0:00:03]} Nc3 {[%emt 0:00:01]} 45. d6+ {[%emt 0:00:02]} Ke6 {[%emt 0:00:
00]} 46. Ra7 {[%emt 0:00:04]} Nd5 {[%emt 0:00:03]} 47. d7 {[%emt 0:00:02]} Ke7
{[%emt 0:00:02]} 48. Kg4 {[%emt 0:00:01]} Nb6 {[%emt 0:00:02]} 49. Kf5 {
[%emt 0:00:02]} Nxd7 {[%emt 0:00:01]} 50. g4 {[%emt 0:00:03]} Kd6 {[%emt 0:00:
04]} 51. Ra8 {[%emt 0:00:06]} Ke7 52. Rc8 {[%emt 0:00:02]} Kd6 {[%emt 0:00:03]}
53. Re8 {[%emt 0:00:01]} Kd5 {Ke4+} 1-0

[Event "GER-ch Blitz 2019"]
[Site "Magdeburg"]
[Date "2019.05.25"]
[Round "10.3"]
[White "Kopylov, Michael"]
[Black "Baskin, Robert"]
[Result "1/2-1/2"]
[WhiteElo "2413"]
[BlackElo "2398"]
[Annotator "NA"]
[PlyCount "27"]
[EventDate "2019.05.25"]
[EventType "tourn"]
[EventCountry "GER"]
[Tiebreak "Number of wins+Number of black wins"]
[SourceTitle "playchess.com"]
[Source "ChessBase"]
[SourceQuality "1"]
[TimeControl "180+2"]

1. d4 {[%emt 0:00:00]} Nf6 2. c4 e6 {[%emt 0:00:00]} 3. g3 {[%emt 0:00:00]} d5
{[%emt 0:00:01]} 4. Bg2 {[%emt 0:00:00]} Bb4+ {[%emt 0:00:01]} 5. Nd2 {[%emt 0:
00:01]} O-O {[%emt 0:00:08]} 6. Ngf3 {[%emt 0:00:00]} dxc4 {[%emt 0:00:01]} 7.
Qc2 {[%emt 0:00:01]} a5 {[%emt 0:00:01]} 8. O-O {[%emt 0:00:06]} b5 {[%emt 0:
00:08]} 9. a4 {[%emt 0:00:01]} c6 {[%emt 0:00:04]} 10. b3 {[%emt 0:00:03]} c3 {
[%emt 0:00:31]} 11. Nb1 {[%emt 0:00:04]} bxa4 {[%emt 0:00:01]} 12. Rxa4 {
[%emt 0:00:28]} Bb7 {[%emt 0:00:08]} 13. Nxc3 {[%emt 0:00:06]} c5 {[%emt 0:00:
04]} 14. Rd1 {[%emt 0:00:10]} 1/2-1/2

[Event "GER-ch Blitz 2019"]
[Site "Magdeburg"]
[Date "2019.05.25"]
[Round "10.4"]
[White "Koch, Thomas"]
[Black "Kirchner, Thomas"]
[Result "1/2-1/2"]
[WhiteElo "2474"]
[BlackElo "2311"]
[Annotator "ChessBase"]
[PlyCount "147"]
[EventDate "2019.05.25"]
[EventType "tourn"]
[EventCountry "GER"]
[Tiebreak "Number of wins+Number of black wins"]
[SourceTitle "playchess.com"]
[Source "ChessBase"]
[SourceQuality "1"]
[TimeControl "180+2"]

1. d4 {[%emt 0:00:00]} Nf6 {[%emt 0:00:00]} 2. c4 {[%emt 0:00:00]} e5 {[%emt 0:
00:00]} 3. dxe5 {[%emt 0:00:01]} Ng4 {[%emt 0:00:00]} 4. Bf4 {[%emt 0:00:02]}
g5 {[%emt 0:00:00]} 5. Bc1 {[%emt 0:00:04]} Bg7 {[%emt 0:00:02]} 6. Nf3 {
[%emt 0:00:07]} Nxe5 {[%emt 0:00:01]} 7. e3 {[%emt 0:00:02]} d6 {[%emt 0:00:13]
} 8. Be2 {[%emt 0:00:02]} Nbc6 {[%emt 0:00:03]} 9. O-O {[%emt 0:00:04]} Be6 {
[%emt 0:00:02]} 10. Nd4 {[%emt 0:00:23]} Bd7 {[%emt 0:00:46]} 11. Nc3 {[%emt 0:
00:02]} O-O {[%emt 0:00:03]} 12. b3 {[%emt 0:00:10]} Nxd4 {[%emt 0:00:11]} 13.
exd4 {[%emt 0:00:02]} Nc6 {[%emt 0:00:01]} 14. Be3 {[%emt 0:00:03]} f5 {
[%emt 0:00:02]} 15. f3 {[%emt 0:00:11]} Re8 {[%emt 0:00:09]} 16. Bf2 {[%emt 0:
00:02]} a5 {[%emt 0:00:21]} 17. Rc1 {[%emt 0:00:08]} Rc8 {[%emt 0:00:01]} 18.
Qd2 {[%emt 0:00:11]} h6 {[%emt 0:00:03]} 19. Rfe1 {[%emt 0:00:10]} Ne7 {
[%emt 0:00:08]} 20. Bd3 {[%emt 0:00:06]} c6 {[%emt 0:00:09]} 21. Ne2 {[%emt 0:
00:04]} d5 {[%emt 0:00:06]} 22. Ng3 {[%emt 0:00:09]} Rf8 {[%emt 0:00:01]} 23.
Nh5 {[%emt 0:00:13]} Bh8 {[%emt 0:00:06]} 24. Qc2 {[%emt 0:00:19]} Be8 {
[%emt 0:00:46]} 25. Ng3 {[%emt 0:00:04]} Qd7 {[%emt 0:00:00]} 26. Re2 {[%emt 0:
00:14]} Bg6 {[%emt 0:00:03]} 27. Rce1 {[%emt 0:00:04]} Rce8 {[%emt 0:00:02]}
28. Nxf5 {[%emt 0:00:15]} Nxf5 {[%emt 0:00:17]} 29. Rxe8 {[%emt 0:00:04]} Bxe8
{[%emt 0:00:11]} 30. Bxf5 {[%emt 0:00:02]} Rxf5 {[%emt 0:00:03]} 31. Rxe8+ {
[%emt 0:00:01]} Qxe8 {[%emt 0:00:01]} 32. Qxf5 {[%emt 0:00:01]} dxc4 {[%emt 0:
00:01]} 33. bxc4 {[%emt 0:00:02]} Qd8 {[%emt 0:00:02]} 34. Qe6+ {[%emt 0:00:05]
} Kf8 {[%emt 0:00:02]} 35. d5 {[%emt 0:00:01]} Bf6 {[%emt 0:00:04]} 36. Bc5+ {
[%emt 0:00:04]} Kg7 {[%emt 0:00:01]} 37. d6 {[%emt 0:00:03]} b5 {[%emt 0:00:02]
} 38. cxb5 {[%emt 0:00:03]} cxb5 {[%emt 0:00:00]} 39. h3 {[%emt 0:00:01]} b4 {
[%emt 0:00:01]} 40. d7 {[%emt 0:00:02]} h5 {[%emt 0:00:03]} 41. Bd6 {[%emt 0:
00:02]} h4 {[%emt 0:00:02]} 42. Kh2 {[%emt 0:00:01]} Qa8 {[%emt 0:00:03]} 43.
Qe8 {[%emt 0:00:01]} Qd8 {[%emt 0:00:01]} 44. Be5 {[%emt 0:00:05]} Bxe5+ {
[%emt 0:00:06]} 45. Qxe5+ {[%emt 0:00:01]} Kf7 {[%emt 0:00:01]} 46. Qd6 {
[%emt 0:00:03]} a4 {[%emt 0:00:02]} 47. Qd5+ {[%emt 0:00:04]} Kf8 {[%emt 0:00:
02]} 48. Qc5+ {[%emt 0:00:04]} Kf7 {[%emt 0:00:01]} 49. Qc4+ {[%emt 0:00:01]}
Kg7 {[%emt 0:00:01]} 50. Qd4+ {[%emt 0:00:03]} Kf7 {[%emt 0:00:01]} 51. Qc4+ {
[%emt 0:00:01]} Kf6 {[%emt 0:00:01]} 52. Qa6+ {[%emt 0:00:02]} Ke7 {[%emt 0:00:
01]} 53. Qxa4 {[%emt 0:00:01]} Qc7+ {[%emt 0:00:02]} 54. Kg1 {[%emt 0:00:02]}
Qc1+ {[%emt 0:00:01]} 55. Kf2 {[%emt 0:00:01]} Qd2+ {[%emt 0:00:00]} 56. Kf1 {
[%emt 0:00:00]} Qd3+ {[%emt 0:00:01]} 57. Ke1 {[%emt 0:00:01]} Qe3+ {[%emt 0:
00:01]} 58. Kd1 Qd3+ 59. Kc1 {[%emt 0:00:02]} Qe3+ {[%emt 0:00:01]} 60. Kc2 {
[%emt 0:00:02]} Qc3+ {[%emt 0:00:01]} 61. Kd1 {[%emt 0:00:01]} Qd3+ {[%emt 0:
00:00]} 62. Kc1 {[%emt 0:00:03]} Qe3+ {[%emt 0:00:02]} 63. Kb1 {[%emt 0:00:01]}
Qe1+ {[%emt 0:00:01]} 64. Kb2 {[%emt 0:00:00]} Qc3+ {[%emt 0:00:01]} 65. Kb1 {
[%emt 0:00:01]} Qe1+ {[%emt 0:00:01]} 66. Kc2 {[%emt 0:00:01]} Qc3+ {[%emt 0:
00:01]} 67. Kd1 {[%emt 0:00:01]} Qd3+ {[%emt 0:00:00]} 68. Ke1 {[%emt 0:00:01]}
Qe3+ {[%emt 0:00:01]} 69. Kf1 {[%emt 0:00:07]} Qd3+ {[%emt 0:00:00]} 70. Kf2 {
[%emt 0:00:02]} Qd2+ {[%emt 0:00:02]} 71. Kg1 {[%emt 0:00:01]} Qe1+ {[%emt 0:
00:01]} 72. Kh2 {[%emt 0:00:00]} Qe5+ {[%emt 0:00:01]} 73. Kg1 {[%emt 0:00:01]}
Qe1+ {[%emt 0:00:00]} 74. Kh2 1/2-1/2

[Event "GER-ch Blitz 2019"]
[Site "Magdeburg"]
[Date "2019.05.25"]
[Round "10.5"]
[White "Heidrich, Manfred"]
[Black "Wichmann, Cliff"]
[Result "1/2-1/2"]
[WhiteElo "2351"]
[BlackElo "2280"]
[Annotator "NA"]
[PlyCount "70"]
[EventDate "2019.05.25"]
[EventType "tourn"]
[EventCountry "GER"]
[Tiebreak "Number of wins+Number of black wins"]
[SourceTitle "playchess.com"]
[Source "ChessBase"]
[SourceQuality "1"]
[TimeControl "180+2"]

1. f4 {[%emt 0:00:00]} d5 {[%emt 0:00:00]} 2. Nf3 {[%emt 0:00:00]} g6 {[%emt 0:
00:00]} 3. g3 {[%emt 0:00:02]} Bg7 {[%emt 0:00:01]} 4. Bg2 {[%emt 0:00:00]} Nf6
{[%emt 0:00:02]} 5. d3 {[%emt 0:00:01]} O-O 6. O-O {[%emt 0:00:01]} Nc6 {
[%emt 0:00:08]} 7. Qe1 {[%emt 0:00:06]} d4 {[%emt 0:00:01]} 8. c3 {[%emt 0:00:
10]} dxc3 {[%emt 0:00:12]} 9. bxc3 {[%emt 0:00:11]} Re8 {[%emt 0:00:17]} 10.
Na3 {[%emt 0:00:28]} e5 {[%emt 0:00:09]} 11. fxe5 {[%emt 0:00:03]} Nxe5 {
[%emt 0:00:02]} 12. Nxe5 {[%emt 0:00:03]} Rxe5 {[%emt 0:00:01]} 13. Nc4 {
[%emt 0:00:14]} Re8 {[%emt 0:00:03]} 14. d4 {[%emt 0:00:22]} Bf5 {[%emt 0:00:
27]} 15. Bxb7 {[%emt 0:00:25]} Rb8 {[%emt 0:00:01]} 16. Bc6 {[%emt 0:00:08]}
Re6 {[%emt 0:00:19]} 17. Bg2 {[%emt 0:00:09]} Be4 {[%emt 0:00:08]} 18. Bg5 {
[%emt 0:00:08]} Qd5 {[%emt 0:00:05]} 19. Bxf6 {[%emt 0:00:01]} Rxf6 {[%emt 0:
00:01]} 20. Bxe4 {[%emt 0:00:03]} Qxe4 {[%emt 0:00:03]} 21. Rxf6 {[%emt 0:00:
09]} Bxf6 22. Qf2 Bg7 {[%emt 0:00:06]} 23. Qf3 {[%emt 0:00:06]} Bxd4+ {[%emt 0:
00:06]} 24. Kg2 {[%emt 0:00:03]} Qxf3+ {[%emt 0:00:02]} 25. Kxf3 {[%emt 0:00:
06]} Bxc3 26. Rc1 Bf6 {[%emt 0:00:06]} 27. Ne3 {[%emt 0:00:03]} Be5 {[%emt 0:
00:02]} 28. Nd5 {[%emt 0:00:02]} Rb7 {[%emt 0:00:06]} 29. Ne7+ {[%emt 0:00:04]}
Kg7 {[%emt 0:00:03]} 30. Nc6 {[%emt 0:00:01]} Bd6 {[%emt 0:00:01]} 31. Rc4 {
[%emt 0:00:06]} Rb6 {[%emt 0:00:05]} 32. Nxa7 {[%emt 0:00:05]} Ra6 {[%emt 0:00:
03]} 33. Nb5 {[%emt 0:00:00]} Rxa2 {[%emt 0:00:20]} 34. Nxc7 {[%emt 0:00:01]}
Ra3+ {[%emt 0:00:04]} 35. Kf2 {[%emt 0:00:03]} Bxc7 1/2-1/2

[Event "GER-ch Blitz 2019"]
[Site "Magdeburg"]
[Date "2019.05.25"]
[Round "10.6"]
[White "Feuerstack, Aljoscha"]
[Black "Svane, Frederik"]
[Result "1-0"]
[WhiteElo "2441"]
[BlackElo "2342"]
[Annotator "NA"]
[PlyCount "34"]
[EventDate "2019.05.25"]
[EventType "tourn"]
[EventCountry "GER"]
[Tiebreak "Number of wins+Number of black wins"]
[SourceTitle "playchess.com"]
[Source "ChessBase"]
[SourceQuality "1"]
[TimeControl "180+2"]

1. e4 {[%emt 0:00:00]} c5 {[%emt 0:00:01]} 2. c3 {[%emt 0:00:00]} e6 {[%emt 0:
00:19]} 3. d4 {[%emt 0:00:02]} cxd4 {[%emt 0:00:02]} 4. cxd4 {[%emt 0:00:01]}
d5 {[%emt 0:00:02]} 5. Nc3 {[%emt 0:00:11]} Nc6 {[%emt 0:00:12]} 6. Nf3 {
[%emt 0:00:02]} dxe4 {[%emt 0:00:22]} 7. Nxe4 {[%emt 0:00:02]} Nf6 {[%emt 0:00:
02]} 8. Bd3 {[%emt 0:00:01]} Bb4+ {[%emt 0:00:18]} 9. Bd2 {[%emt 0:00:01]}
Bxd2+ {[%emt 0:00:02]} 10. Qxd2 {[%emt 0:00:01]} O-O {[%emt 0:00:04]} 11. O-O {
[%emt 0:00:03]} Nd5 {[%emt 0:01:20]} 12. Rac1 {[%emt 0:00:06]} Qb6 {[%emt 0:00:
34]} 13. Nc5 {[%emt 0:00:09]} Qb4 {[%emt 0:00:03]} 14. Qd1 {[%emt 0:00:16]} b6
{[%emt 0:00:03]} 15. Rc4 {[%emt 0:00:07]} Qa5 {[%emt 0:00:03]} 16. Nb3 {
[%emt 0:00:02]} Qb5 {[%emt 0:00:01]} 17. a4 {[%emt 0:00:05]} Qa6 1-0

[Event "GER-ch Blitz 2019"]
[Site "Magdeburg"]
[Date "2019.05.25"]
[Round "10.7"]
[White "Schulze, Marc"]
[Black "Voege, Tobias"]
[Result "0-1"]
[WhiteElo "2220"]
[BlackElo "2294"]
[Annotator "NA"]
[PlyCount "80"]
[EventDate "2019.05.25"]
[EventType "tourn"]
[EventCountry "GER"]
[Tiebreak "Number of wins+Number of black wins"]
[SourceTitle "playchess.com"]
[Source "ChessBase"]
[SourceQuality "1"]
[TimeControl "180+2"]

1. d4 {[%emt 0:00:00]} e6 {[%emt 0:00:00]} 2. Bf4 {[%emt 0:00:01]} f5 {[%emt 0:
00:02]} 3. Nf3 {[%emt 0:00:01]} Nf6 {[%emt 0:00:00]} 4. h3 {[%emt 0:00:01]} b6
{[%emt 0:00:03]} 5. e3 {[%emt 0:00:04]} Bb7 {[%emt 0:00:01]} 6. Nbd2 {[%emt 0:
00:01]} Be7 {[%emt 0:00:01]} 7. Bd3 {[%emt 0:00:01]} O-O {[%emt 0:00:01]} 8.
Qe2 {[%emt 0:00:01]} Ne4 {[%emt 0:00:05]} 9. c3 {[%emt 0:00:11]} d6 {[%emt 0:
00:04]} 10. O-O {[%emt 0:00:10]} Nd7 {[%emt 0:00:03]} 11. Ba6 {[%emt 0:00:08]}
Bxa6 {[%emt 0:00:26]} 12. Qxa6 {[%emt 0:00:02]} e5 {[%emt 0:00:19]} 13. dxe5 {
[%emt 0:00:17]} Nxd2 {[%emt 0:00:10]} 14. Nxd2 {[%emt 0:00:02]} dxe5 {[%emt 0:
00:05]} 15. Bh2 {[%emt 0:00:02]} Bd6 {[%emt 0:00:15]} 16. Nc4 {[%emt 0:00:03]}
Nc5 {[%emt 0:00:06]} 17. Qb5 {[%emt 0:00:01]} f4 {[%emt 0:00:28]} 18. Rad1 {
[%emt 0:00:13]} fxe3 {[%emt 0:00:27]} 19. fxe3 {[%emt 0:00:23]} Qg5 {[%emt 0:
00:02]} 20. Qc6 {[%emt 0:00:15]} h6 {[%emt 0:00:17]} 21. Bxe5 {[%emt 0:00:06]}
Bxe5 {[%emt 0:00:20]} 22. Qd5+ {[%emt 0:00:01]} Kh8 {[%emt 0:00:03]} 23. Nxe5 {
[%emt 0:00:07]} Qxe3+ {[%emt 0:00:07]} 24. Kh1 {[%emt 0:00:01]} Rxf1+ {[%emt 0:
00:10]} 25. Rxf1 {[%emt 0:00:01]} Re8 {[%emt 0:00:11]} 26. Ng6+ {[%emt 0:00:06]
} Kh7 {[%emt 0:00:00]} 27. Nf8+ {[%emt 0:00:01]} Kh8 {[%emt 0:00:01]} 28. Qf5 {
[%emt 0:00:00]} Qe4 {[%emt 0:00:03]} 29. Ng6+ {[%emt 0:00:11]} Kh7 {[%emt 0:00:
02]} 30. Nf8+ {[%emt 0:00:16]} Kh8 {[%emt 0:00:01]} 31. Qf7 {[%emt 0:00:00]}
Nd3 {[%emt 0:00:04]} 32. Qxc7 {[%emt 0:00:16]} Ne1 {[%emt 0:00:02]} 33. Qg3 {
[%emt 0:00:02]} Qe2 {[%emt 0:00:02]} 34. Qf2 {[%emt 0:00:05]} Nd3 {[%emt 0:00:
03]} 35. Qxe2 {[%emt 0:00:05]} Rxe2 {[%emt 0:00:01]} 36. h4 {[%emt 0:00:04]}
Rxb2 37. h5 Ne5 {[%emt 0:00:03]} 38. Rf5 {[%emt 0:00:02]} Ng4 {[%emt 0:00:03]}
39. Ng6+ {[%emt 0:00:01]} Kh7 {[%emt 0:00:00]} 40. Rf8 {[%emt 0:00:01]} Rb1+ {
[%emt 0:00:01]} 0-1